Staaten des Warschauer Pakt (Countries of the Warsaw Pact) - Statistiken

Allgemein
  • Dieses Quiz wurde 351 mal gespielt
  • Das Durchschnittsergebnis liegt bei 6 aus 7
Antwortstatistiken
Staat/Country % Korrekt
Polen / Poland
97%
Sowjetunion / Soviet Union
88%
Rumänien / Romania
85%
Ungarn / Hungary
84%
Bulgarien / Bulgaria
79%
Tschechoslowakei / Czechoslovakia
75%
DDR / East Germany
71%
Keine übereinstimmenden Quizze gefunden
Verteilung der Resultate
Anzahl Personen mit jedem Resultat
Perzentil nach korrekt beantworteten Fragen
Ihre Resultats-Entwicklung
Sie haben dieses Quiz noch nicht gespielt